Normal view
MARC view
- WAVEFORM ANALYSIS
Entry Topical Term
001 - CONTROL NUMBER
- control field: 57471
003 - CONTROL NUMBER IDENTIFIER
- control field: NUST
005 - DATE AND TIME OF LATEST TRANSACTION
- control field: 20210628201929.0
008 - FIXED-LENGTH DATA ELEMENTS
- fixed length control field: 210628|| aca||aabn | a|a d
040 ## - CATALOGING SOURCE
- Original cataloging agency: NUST
- Transcribing agency: NUST
150 ## - HEADING--TOPICAL TERM
- Topical term or geographic name entry element: WAVEFORM ANALYSIS
670 ## - SOURCE DATA FOUND
- Source citation: Work cat.: (NUST): MIDDLETON, R. G 57470, SCOPE WAVEFORM ANALYSIS, 1963
